| 000 | 00706nam a22001935i 4500 | ||
|---|---|---|---|
| 001 | 164856 | ||
| 003 | ES-MaACL | ||
| 005 | 20231223063112.0 | ||
| 008 | 990406s1885 fr |||| | fre d | ||
| 080 | _a821.134.2-31"18" | ||
| 100 | 1 |
_aValera, Juan, _d1824-1905 _9112638 |
|
| 245 | 1 | 3 |
_aLe commandeur Mendoza (moeurs andalouses) / _cpar Juan Valera ; roman traduit du Castillan précédé d'une préface par Albert Savine. |
| 250 | _aNouvelle éd. | ||
| 260 |
_aParis : _bE. Giraud et Cie., _c1885 ( _eTulle : _fImp. Mazeyrie) |
||
| 300 |
_aXVI, 364 p. ; _c18 cm. |
||
| 700 | 1 |
_aSavine, Albert. _9104073 |
|
| 852 |
_aES-MaACL _jD-2471 _z- Enc. hol. conservando cub. original |
||
| 999 |
_c164856 _d164856 |
||